000 00284nam a22001337a 4500
008 170629b xxu||||| |||| 00| 0 eng d
020 _a9780763780432
041 _aeng
080 _a32
100 _a20
101 _aSHP
245 _aPOPULATION HEALTH
_cNASH,D,B
942 _2udc
_cBK
999 _c19633
_d19633